| 000 | nam a22 a 4500 | ||
|---|---|---|---|
| 999 |
_c390029 _d390029 |
||
| 003 | BLK | ||
| 005 | 20201014104534.0 | ||
| 008 | 201014b bu ||||| |||| 00| 0 bu d | ||
| 040 | _aBLK | ||
| 041 |
_aBUL _cBUL |
||
| 080 |
_aНетекстови публикации по география. Фотографии. Рисунки. Диаграми. Профили. Карти. Картограми. Атласи. Глобуси _b912 _z912 |
||
| 100 |
_91478 _aДанов, Христо Груев _eсъстав. |
||
| 245 |
_aЗемлеописателен учебен атлас в 25 карти _cсъставен от Хр. Г. Данов |
||
| 260 |
_9217540 _aПловдив _bкниж. Христо Г. Данов _c1896 |
||
| 380 | _a91 | ||
| 490 |
_9435080 _aКолекция Редки и ценни издания |
||
| 653 | 7 |
_9188359 _aкарти |
|
| 852 |
_aРб 896 _bРц |
||
| 942 |
_cKNG _n0 _s1 |
||
| 944 |
_aCR _c2020-10-14 _kВЙ |
||